000 00273nam a2200109Ia 4500
008 220204s9999 xx 000 0 und d
082 _a657
_bBAI
100 _aBaig, Nafees
245 0 _aProblems on managerial accounting
260 _aNew Delhi
_bSterling
_c1974
942 _cBK
999 _c32502
_d32502